000
00340cam a2200145ua 4500
041
_a
eng
_h
082
_a
823.308
_b
LUN/SE
100
_a
Lunt, Alice .
245
_a
Secret stepmother /
_c
Alice Lunt.
_h
Textual Documents
260
_a
:
_b
Pennant books ,
_c
1992.
300
_a
168 ; .
504
_a
942
_c
BK
999
_c
12223
_d
12223